000
00260nam a2200109Ia 4500
008
190913s9999||||xx |||||||||||||| ||und||
100
_a
Maclellan,Rory
245
0
_a
Tourism in Scotland
260
_a
New York
_b
Prentice Hall
_c
1997
300
_a
343
942
_c
BK
999
_c
8246
_d
8246